| Record ID | marc_records_scriblio_net/part04.dat:158550030:674 |
| Source | Scriblio |
| Download Link | /show-records/marc_records_scriblio_net/part04.dat:158550030:674?format=raw |
LEADER: 00674cam 22002171 4500
001 58025309
003 DLC
005 20050806165332.0
008 890109m19539999cr 000 0 spa
010 $a 58025309
035 $a(OCoLC)18996110
040 $aDLC$cCU-BANC$dCU-BANC$dDLC
042 $apremarc
050 00 $aLAW <Costa Rica 2 1953->
110 1 $aCosta Rica.
240 10 $aLaws, etc.
245 00 $aLeyes y reglamentos usuales.$cCompilación dirigida por Máximo Quesada Picado y Fernando Aguilar Agüero.
260 $aSan José, C.R.,$bImpr. Atenea,$c1953-
300 $a v.$c26 cm.
700 2 $aQuesada Picado, Maximo,$eed.
700 2 $aAguilar Agüero, Fernando,$eed.